000 00493nam a2200181Ia 4500
005 20250508152438.0
008 008 250505s9999 xx 000 0 eng d
037 _aTextual
040 _aFEDL
_beng
_cFEDL
041 _aeng
_2eng
084 _a914.2, CHE
_qFEDL
100 _aNirad C Chaudhuri
_9761503
245 0 _aPassage to England
260 _aLondon, UK
_bMacmillan and Co Ltd
_c1959
300 _aviii,229p
942 _cTEXL
_h914.2, CHE
999 _c1336463
_d1336463